Statistics for Soccer League by Country

Click here to take the quiz!

General Stats

  • This quiz has been taken 279 times
  • The average score is 9 of 10

Answer Stats

Hint Answer % Correct
BundesligaGermany
99%
Barclays Premier LeagueEngland
98%
La LigaSpain
98%
Serie A (Europe)Italy
97%
Ligue 1France
94%
MLSUnited States
91%
Serie A (South America)Brazil
87%
EredivisieNetherlands
82%
Liga MXMexico
78%
Primera DivisionArgentina
65%

Score Distribution

Percentile by Number Answered

Percent of People with Each Score

Your Score History

You have not taken this quiz